000 01020cam a2200313 i 4500
001 18906608
003 OSt
005 20260421101938.0
008 151216s2015 ii b 001 0 eng
010 _a 2015364948
020 _a9780198060451
020 _a0198060459
040 _c.
082 _a320.954 PAR
100 1 _aParekh, Bhikhu C.,
245 1 0 _aDebating India :
_bessays on Indian political discourse /
_cBhikhu Parekh.
250 _aFirst edition.
264 1 _aNew Delhi :
_bOxford University Press,
_c2015.
300 _axix, 374 pages ;
_c23 cm
365 _bRS. 895
600 1 0 _aGandhi,
_cMahatma,
_d1869-1948.
650 0 _aDebates and debating
_zIndia
_zHistory.
650 0 _aStatesmen
_zIndia.
651 0 _aIndia
_xPolitics and government
_y20th century.
856 4 1 _3Table of contents
_uhttp://www.loc.gov/catdir/enhancements/fy1604/2015364948-t.html
906 _a7
_bcbc
_corigode
_d3
_encip
_f20
_gy-gencatlg
942 _2ddc
_cBK
999 _c40902
_d40902